<?xml version="1.0" encoding="UTF-8"?>
<record
    xmlns:xsi="http://www.w3.org/2001/XMLSchema-instance"
    xsi:schemaLocation="http://www.loc.gov/MARC21/slim http://www.loc.gov/standards/marcxml/schema/MARC21slim.xsd"
    xmlns="http://www.loc.gov/MARC21/slim">

  <leader>03338njm a2200457Ia 4500</leader>
  <controlfield tag="001">27511</controlfield>
  <controlfield tag="003">IT-RoPAU</controlfield>
  <controlfield tag="005">20220918181204.0</controlfield>
  <controlfield tag="008">131025s9999    xx            000 0 und d</controlfield>
  <datafield tag="040" ind1=" " ind2=" ">
    <subfield code="a">IT-RoPAU</subfield>
  </datafield>
  <datafield tag="040" ind1=" " ind2=" ">
    <subfield code="c">IT-RoPAU</subfield>
  </datafield>
  <datafield tag="041" ind1=" " ind2=" ">
    <subfield code="a">ITALIANO</subfield>
  </datafield>
  <datafield tag="999" ind1=" " ind2=" ">
    <subfield code="c">103293</subfield>
    <subfield code="d">103293</subfield>
  </datafield>
  <datafield tag="999" ind1=" " ind2=" ">
    <subfield code="b">n.d.</subfield>
  </datafield>
  <datafield tag="100" ind1=" " ind2=" ">
    <subfield code="a">AA.VV.</subfield>
    <subfield code="9">794</subfield>
  </datafield>
  <datafield tag="100" ind1=" " ind2=" ">
    <subfield code="e">Autore musica</subfield>
    <subfield code="9">18335</subfield>
  </datafield>
  <datafield tag="100" ind1=" " ind2=" ">
    <subfield code="g">Codice autore musica SPICS: 12000</subfield>
    <subfield code="9">796</subfield>
  </datafield>
  <datafield tag="245" ind1=" " ind2=" ">
    <subfield code="a">Bimbi e feste</subfield>
  </datafield>
  <datafield tag="250" ind1=" " ind2=" ">
    <subfield code="a">1a ed.</subfield>
  </datafield>
  <datafield tag="260" ind1=" " ind2=" ">
    <subfield code="a">ROMA</subfield>
  </datafield>
  <datafield tag="260" ind1=" " ind2=" ">
    <subfield code="b">EP - MUSICALI E DISCOGRAFICHE</subfield>
  </datafield>
  <datafield tag="300" ind1=" " ind2=" ">
    <subfield code="a">DISCO</subfield>
  </datafield>
  <datafield tag="500" ind1=" " ind2=" ">
    <subfield code="a">Canzoni per bambini</subfield>
  </datafield>
  <datafield tag="505" ind1=" " ind2=" ">
    <subfield code="a">O Ges&#xF9; bambino - L'anno nuovo - Befana, befanina - Natale - Natale di neve - Campane di Pasqua - Il primo giorno di scuola - La mia maestra &#xE8; piccola - La mia patria - La scuola &#xE8; finita - Il valzer della mascherina - Arlecchino - Una biro rossa e blu - Sono un reuccio - Concertino per pap&#xE0; - Quando mi guardi - Una ciambella per la mamma - Non si ferma mai - Cara mamma, ti voglio bene - Cara nonnina</subfield>
  </datafield>
  <datafield tag="511" ind1=" " ind2=" ">
    <subfield code="a">Solisti e Coretto di Angelo di Mario e Dario Mateicich diretti da Di Mario Angelo</subfield>
  </datafield>
  <datafield tag="511" ind1=" " ind2=" ">
    <subfield code="a">Solisti e Coretto di Angelo di Mario diretto da Di Mario Angelo</subfield>
  </datafield>
  <datafield tag="650" ind1=" " ind2=" ">
    <subfield code="a">CANTI BAMBINI [DISCHI]</subfield>
    <subfield code="e">Codice MATERIA SPICS: 9950</subfield>
    <subfield code="9">2086</subfield>
  </datafield>
  <datafield tag="700" ind1=" " ind2=" ">
    <subfield code="a">Mateicich D.</subfield>
    <subfield code="d">Codice autore musica SPICS: 13163</subfield>
    <subfield code="e">Autore musica</subfield>
    <subfield code="p">O Ges&#xF9; bambino - Befana, befanina - Natale di neve - La scuola &#xE8; finita - Il valzer della mascherina - Sono un reuccio - Quando mi guardi - Cara mamma, ti voglio bene</subfield>
    <subfield code="9">18336</subfield>
  </datafield>
  <datafield tag="700" ind1=" " ind2=" ">
    <subfield code="a">Battistella Bruna</subfield>
    <subfield code="d">Codice autore testo/musica SPICS: 19969</subfield>
    <subfield code="e">Autore testo/musica</subfield>
    <subfield code="p">O Ges&#xF9; bambino - Befana, befanina</subfield>
    <subfield code="9">18337</subfield>
  </datafield>
  <datafield tag="700" ind1=" " ind2=" ">
    <subfield code="a">Di Mario Angelo</subfield>
    <subfield code="d">Codice autore musica SPICS: 10868</subfield>
    <subfield code="e">Autore musica</subfield>
    <subfield code="p">L'anno nuovo - Natale - Campane di Pasqua - Il primo giorno di scuola - La mia maestra &#xE8; piccola - La mia patria - Arlecchino - Una biro rossa e blu - Concertino per pap&#xE0; - Una ciambella per la mamma - Non si ferma mai - Cara nonnina</subfield>
    <subfield code="9">18338</subfield>
  </datafield>
  <datafield tag="700" ind1=" " ind2=" ">
    <subfield code="a">Zedda E.</subfield>
    <subfield code="d">Codice autore testo/musica SPICS: 28337</subfield>
    <subfield code="e">Autore testo/musica</subfield>
    <subfield code="p">L'anno nuovo - Campane di Pasqua - Il primo giorno di scuola - La mia maestra &#xE8; piccola - La mia patria - Una biro rossa e blu - Una ciambella per la mamma - Non si ferma mai</subfield>
    <subfield code="9">18339</subfield>
  </datafield>
  <datafield tag="700" ind1=" " ind2=" ">
    <subfield code="a">Bortuzzo E.</subfield>
    <subfield code="d">Codice autore testo/musica SPICS: 28338</subfield>
    <subfield code="e">Autore testo/musica</subfield>
    <subfield code="p">Natale - Arlecchino</subfield>
    <subfield code="9">18340</subfield>
  </datafield>
  <datafield tag="700" ind1=" " ind2=" ">
    <subfield code="a">Cason A.</subfield>
    <subfield code="d">Codice autore testo/musica SPICS: 24165</subfield>
    <subfield code="e">Autore testo/musica</subfield>
    <subfield code="p">Natale di neve</subfield>
    <subfield code="9">18341</subfield>
  </datafield>
  <datafield tag="700" ind1=" " ind2=" ">
    <subfield code="a">Cacciatore</subfield>
    <subfield code="d">Codice autore SPICS: 28339</subfield>
    <subfield code="e">Autore</subfield>
    <subfield code="p">La scuola &#xE8; finita</subfield>
    <subfield code="9">18342</subfield>
  </datafield>
  <datafield tag="700" ind1=" " ind2=" ">
    <subfield code="a">Marconi</subfield>
    <subfield code="d">Codice autore testo/musica SPICS: 28340</subfield>
    <subfield code="e">Autore testo/musica</subfield>
    <subfield code="p">La scuola &#xE8; finita</subfield>
    <subfield code="9">18343</subfield>
  </datafield>
  <datafield tag="700" ind1=" " ind2=" ">
    <subfield code="a">Vuolo D.</subfield>
    <subfield code="d">Codice autore testo/musica SPICS: 28278</subfield>
    <subfield code="e">Autore testo/musica</subfield>
    <subfield code="p">Il valzer della mascherina - Cara mamma, ti voglio bene</subfield>
    <subfield code="9">18344</subfield>
  </datafield>
  <datafield tag="700" ind1=" " ind2=" ">
    <subfield code="a">Danpa</subfield>
    <subfield code="d">Codice autore testo/musica SPICS: 16153</subfield>
    <subfield code="e">Autore testo/musica</subfield>
    <subfield code="p">Il valzer della mascherina</subfield>
    <subfield code="9">18345</subfield>
  </datafield>
  <datafield tag="700" ind1=" " ind2=" ">
    <subfield code="a">Calabresi M.C.</subfield>
    <subfield code="d">Codice autore testo/musica SPICS: 28341</subfield>
    <subfield code="e">Autore testo/musica</subfield>
    <subfield code="p">Sono un reuccio</subfield>
    <subfield code="9">18346</subfield>
  </datafield>
  <datafield tag="700" ind1=" " ind2=" ">
    <subfield code="a">Battistella Antonio</subfield>
    <subfield code="d">Codice autore testo/musica SPICS: 9457</subfield>
    <subfield code="e">Autore testo/musica</subfield>
    <subfield code="p">Concertino per pap&#xE0; - Cara nonnina</subfield>
    <subfield code="9">18347</subfield>
  </datafield>
  <datafield tag="700" ind1=" " ind2=" ">
    <subfield code="a">Galliano Annamaria</subfield>
    <subfield code="d">Codice autore testo/musica SPICS: 5671</subfield>
    <subfield code="e">Autore musica</subfield>
    <subfield code="p">Quando mi guardi</subfield>
    <subfield code="9">18348</subfield>
  </datafield>
  <datafield tag="942" ind1=" " ind2=" ">
    <subfield code="c">MD</subfield>
    <subfield code="2">ddc</subfield>
  </datafield>
  <datafield tag="952" ind1=" " ind2=" ">
    <subfield code="0">0</subfield>
    <subfield code="1">0</subfield>
    <subfield code="4">0</subfield>
    <subfield code="6">27511_000000000000000</subfield>
    <subfield code="7">1</subfield>
    <subfield code="a">SPICS</subfield>
    <subfield code="b">SPICS</subfield>
    <subfield code="d">2013-10-25</subfield>
    <subfield code="l">0</subfield>
    <subfield code="o">27511</subfield>
    <subfield code="r">2013-10-25 00:00:00</subfield>
    <subfield code="w">2013-10-25</subfield>
    <subfield code="y">MD</subfield>
    <subfield code="z">Progr. Ins.: 7068 / N.Vol.: 1 / Copie: 1 - Copia rara: n.d. / date import: 01.01.2014 - By Epidotti, Trombetti, Vaglietti</subfield>
  </datafield>
</record>
